000
00239nam a22000857a 4500
008
160705b xxu||||| |||| 00| 0 eng d
100
_9
2280
_a
Daintith, J., et al
245
_a
Dictionary of Physics
260
_a
New Delhi
_b
Arnold Heinemann
_c
1980
999
_c
1962
_d
1962